00256nam a2200109Ia 4500008004100000041001200041082001100053100001800064245005200082260000600134650000600140221030s9999 xx 000 0 und d aEnglish a105.23 aM. I. Skolnik 0aIntroduction to Radar Systemscby M. I. Skolnik c0 aB